LEADER 01163nam a2200253 i 4500 001 000000149637 003 CaOOAMICUS 005 20060428000000.0 008 060428s2004 it u000 u ita u 013 $a126961 020 $a88-250-1683-2 040 $aSeMil$bita 100 1 $aMilani, Marcello.$0(OLS)http://semarc/name/59070 245 12$aA immagine del Cristo «paziente» :$bsofferenza, malattia e salvezza nella Scrittura /$cMarcello Milani. 260 $aPadova :$bMessaggero,$ccopyr. 2004 (stampa 2006) 300 $a143 p. ;$c21 cm. 500 $aContiene : Bibliografia. - In copertina : Omaggio ai lettori di "Credere Oggi" [rivista]. 650 4$aSofferenza - Concezione cristiana.$0(OLS)http://semarc/subject/9101 850 $aSeMil 852 $aSeMil$W1$xVenegono$y1$m2W II 138$j101838$B101838$CSeMilBibl$Z2$F110925 $81 961 $aOmaggio: Messaggero 996 $6020$a88-250-1683-2$9(OLS)http://semarc/number/138787 996 $6245$aA immagine del Cristo «paziente» :$bsofferenza, malattia e salvezza nella Scrittura$9(OLS)http://semarc/title/218715 996 $6260$aPadova :$bMessaggero$9(OLS)http://semarc/publisher/29786 LEADER 01015nam a2200217 4500 001 000000354087 003 CaOOAMICUS 005 20230607150222.0 008 230607s1839 it 000 u ita r 040 $aSeMil$bita 100 1 $aHulst, Maurice Le Sage d'Hauteroche : d',$d<1841-1896>.$0(OLS)http://semarc/name/6054 245 10$a3: I doveri verso Dio (fine) :$bQuaresima 1893 /$cmonsignor D'Hulst. 250 $a3. Ed. 264 1$aTorino ; Roma :$bMarietti,$c1839. 300 $aLIX, 288 p. ;$c18 cm 773 0 $aHulst, Maurice Le Sage d'Hauteroche : d' <1841-1896>$tMorale cristiana e sociale.$dTorino ; Roma : Marietti, 1839.$b3. Ed.$kPulpito di Nostra Signora di Parigi$g3$w()354084 850 $aSeMil 852 $aSeMil$W1$xVenegono$y1$m3F I 487$j241216$B245313$CSeMilBibl$Z2$F245313 $81 996 $6245$a3: I doveri verso Dio (fine) :$bQuaresima 1893$9(OLS)http://semarc/title/444228 996 $6264$aTorino ; Roma :$bMarietti$9(OLS)http://semarc/publisher/32636